[Event "CYCC U08"]
[Site "Victoria CAN"]
[Date "2009.07.23"]
[Round "7"]
[White "Geng, Matthew"]
[Black "Xu, Jingzhi (Edwin)"]
[Result "0-1"]
[WhiteElo "691"]
[BlackElo "1040"]
[PlyCount "96"]
[GameId "2160767910093618"]
[EventDate "2009.07.21"]
[EventType "swiss"]
[EventRounds "7"]
[EventCountry "CAN"]

1. e4 e5 2. Nf3 Nc6 3. Bc4 Bc5 4. O-O Nf6 5. Nc3 O-O 6. d3 d6 7. Bg5 Be6 8. Nd5 Bxd5 9. Bxd5 h6 10. Bd2 Nxd5 11. exd5 Ne7 12. Nh4 Nxd5 13. Nf5 Qf6 14. Qf3 Nf4 15. Ne3 c6 16. Ng4 Qg5 17. g3 h5 18. gxf4 exf4 19. Bxf4 Qxg4+ 20. Qg3 Qxg3+ 21. Bxg3 Rfe8 22. Rfe1 Bd4 23. c3 Be5 24. d4 Bxg3 25. hxg3 Kf8 26. Kf1 Rxe1+ 27. Rxe1 Re8 28. f4 Rxe1+ 29. Kxe1 f5 30. Kf2 Kf7 31. Kg2 Kg6 32. Kh3 Kh6 33. b4 g5 34. a4 b5 35. axb5 cxb5 36. d5 a6 37. Kg2 gxf4 38. gxf4 h4 39. Kh2 Kh5 40. Kg2 Kg4 41. Kh2 Kxf4 42. Kh3 Kg5 43. Kg2 f4 44. Kh3 f3 45. Kh2 Kg4 46. Kg1 Kg3 47. Kf1 f2 48. Ke2 Kg2 0-1

[Event "CYCC U08"]
[Site "Victoria CAN"]
[Date "2009.07.23"]
[Round "7"]
[White "McCullough, Ian"]
[Black "Tsang, Alex"]
[Result "1-0"]
[WhiteElo "969"]
[BlackElo "804"]
[PlyCount "37"]
[GameId "2160767910093619"]
[EventDate "2009.07.21"]
[EventType "swiss"]
[EventRounds "7"]
[EventCountry "CAN"]
[SourceTitle "EXT 2011"]
[Source "ChessBase"]
[SourceDate "2011.11.26"]
[SourceVersion "1"]
[SourceVersionDate "2011.11.26"]
[SourceQuality "1"]

1. d4 d5 2. c4 Nc6 3. Nf3 dxc4 4. e4 Bg4 5. Bxc4 Bxf3 6. Qxf3 Nf6 7. Nc3 Nxd4 8. Qd1 e5 9. Bg5 h6 10. Bh4 Qd7 11. O-O Qc6 12. Qd3 O-O-O 13. Bxf7 Nf5 14. Qh3 Rd7 15. Qxf5 Kb8 16. Rfd1 b6 17. Bxf6 Rxf7 18. Rd8+ Kb7 19. Qc8# 1-0

[Event "CYCC U08"]
[Site "Victoria CAN"]
[Date "2009.07.24"]
[Round "7"]
[White "Maulucci, Anthony"]
[Black "Wan, Kevin"]
[Result "0-1"]
[WhiteElo "1306"]
[BlackElo "1418"]
[PlyCount "90"]
[GameId "2160767910093620"]
[EventDate "2009.07.21"]
[EventType "swiss"]
[EventRounds "7"]
[EventCountry "CAN"]
[SourceTitle "hb 2009.10"]

1. d4 Nf6 2. c4 g6 3. Nf3 Bg7 4. Nc3 d6 5. Bg5 h6 6. Bf4 c6 7. e3 Nh5 8. Bg3 Na6 9. a3 Nc7 10. Bd3 Bg4 11. Bh4 Ne6 12. h3 Bxf3 13. Qxf3 Nf6 14. Ne4 Nxe4 15. Bxe4 Ng5 16. Bxg5 hxg5 17. O-O Qd7 18. Qg3 Bf6 19. f4 gxf4 20. Rxf4 O-O-O 21. b4 g5 22. Bf5 e6 23. Rf2 exf5 24. Rb2 f4 25. Qe1 Rde8 26. b5 Bxd4 27. Rab1 Bxb2 28. Rxb2 Qe7 29. Qa5 Qxe3+ 30. Kh1 Qe1+ 31. Qxe1 Rxe1+ 32. Kh2 g4 33. Rb3 g3+ 34. Rxg3 fxg3+ 35. Kxg3 Ra1 36. Kf4 Rxa3 37. bxc6 bxc6 38. g4 Raxh3 39. Kf5 Rg3 40. Kf6 Rxg4 41. Kxf7 Rh6 42. c5 dxc5 43. Ke7 Rd4 44. Kf7 Rd7+ 45. Ke8 Rh8# 0-1

[Event "CYCC U08"]
[Site "Victoria CAN"]
[Date "2009.07.24"]
[Round "7"]
[White "Zotkin, Daniel"]
[Black "Doknjas, Joshua"]
[Result "1-0"]
[WhiteElo "1368"]
[BlackElo "1020"]
[PlyCount "55"]
[GameId "2160767910093622"]
[EventDate "2009.07.21"]
[EventType "swiss"]
[EventRounds "7"]
[EventCountry "CAN"]
[SourceTitle "hb 2009.10"]

1. e4 e6 2. d4 d5 3. e5 c5 4. c3 Nc6 5. Nf3 Qb6 6. Bd3 Bd7 7. O-O cxd4 8. cxd4 Nxd4 9. Nxd4 Qxd4 10. Nc3 Bb4 11. Bd2 Qxe5 12. Re1 Qd6 13. Rc1 Ne7 14. Nb5 Bxb5 15. Bxb5+ Kf8 16. Bxb4 Qxb4 17. Bf1 Qxb2 18. Rc7 Qxa2 19. Qc1 a5 20. Re2 Qa4 21. Rec2 b6 22. Rb7 d4 23. Rcc7 Re8 24. Qb1 h5 25. Bb5 Qa3 26. Bxe8 Kxe8 27. Rb8+ Nc8 28. Rbxc8# 1-0

[Event "CYCC U08 w"]
[Site "Victoria CAN"]
[Date "2009.07.21"]
[Round "1"]
[White "Feldman, Michelle"]
[Black "MacInnis, Maggie Rose"]
[Result "0-1"]
[WhiteElo "943"]
[BlackElo "876"]
[PlyCount "88"]
[GameId "2160767910093623"]
[EventDate "2009.07.21"]
[EventType "tourn"]
[EventRounds "5"]
[EventCountry "CAN"]
[SourceTitle "EXT 2011"]
[Source "ChessBase"]
[SourceDate "2011.11.26"]
[SourceVersion "1"]
[SourceVersionDate "2011.11.26"]
[SourceQuality "1"]

1. e4 d5 2. e5 Nc6 3. Nf3 Bg4 4. Bb5 Bxf3 5. Qxf3 a6 6. Bxc6+ bxc6 7. c4 g6 8. O-O Bg7 9. d4 e6 10. Bf4 Ne7 11. c5 Nf5 12. Rd1 O-O 13. Nc3 Rb8 14. b3 Rb4 15. Be3 f6 16. exf6 Bxf6 17. Qg4 h5 18. Qxg6+ Ng7 19. Bh6 Rf7 20. Ne2 e5 21. Ng3 exd4 22. Nxh5 Qf8 23. Re1 Rb8 24. Nxf6+ Rxf6 25. Qxg7+ Qxg7 26. Bxg7 Kxg7 27. Re7+ Rf7 28. Rxf7+ Kxf7 29. h4 Rb5 30. Re1 Rxc5 31. Re5 d3 32. Re1 d2 33. Rd1 Rc2 34. Kh2 c5 35. h5 c4 36. g4 c3 37. g5 Rc1 38. g6+ Kg7 39. Kg3 Rxd1 40. Kg4 Re1 41. h6+ Kxh6 42. Kf5 d1=Q 43. f4 Qh5+ 44. Kf6 Qxg6# 0-1

[Event "CYCC U08 w"]
[Site "Victoria CAN"]
[Date "2009.07.21"]
[Round "1"]
[White "Milicevic, Ljudmila"]
[Black "Liu, Jiaxin (Dora)"]
[Result "0-1"]
[WhiteElo "708"]
[BlackElo "847"]
[PlyCount "60"]
[GameId "2160767910093624"]
[EventDate "2009.07.21"]
[EventType "tourn"]
[EventRounds "5"]
[EventCountry "CAN"]
[SourceTitle "hb 2009.10"]

1. e4 e5 2. Nf3 Nc6 3. Bc4 Bc5 4. O-O Nf6 5. d4 exd4 6. e5 Ne4 7. Bg5 Nxg5 8. a3 Nxf3+ 9. Qxf3 O-O 10. Qg3 d6 11. Bd3 Nxe5 12. Be4 Be6 13. Nd2 c6 14. f4 Nc4 15. Nf3 d5 16. Bxh7+ Kxh7 17. Ng5+ Kg8 18. Qh4 Bf5 19. g4 Be4 20. Rae1 d3+ 21. Rf2 Bxf2+ 22. Qxf2 Bg6 23. cxd3 Bxd3 24. Qh4 Qd6 25. f5 Qh6 26. Qg3 Qxg5 27. h4 Qd2 28. g5 Rfe8 29. Rxe8+ Rxe8 30. Qg4 Re1# 0-1

[Event "CYCC U08 w"]
[Site "Victoria CAN"]
[Date "2009.07.21"]
[Round "1"]
[White "Wang, Constance"]
[Black "Botez, Andrea"]
[Result "1-0"]
[WhiteElo "1123"]
[BlackElo "525"]
[PlyCount "103"]
[GameId "2160767910093625"]
[EventDate "2009.07.21"]
[EventType "tourn"]
[EventRounds "5"]
[EventCountry "CAN"]
[SourceTitle "hb 2009.10"]

1. e4 g6 2. d4 Bg7 3. Nf3 d6 4. Bg5 Nf6 5. Bc4 Nxe4 6. Nc3 Nxg5 7. Nxg5 e6 8. Nf3 O-O 9. O-O Nc6 10. d5 Bxc3 11. bxc3 exd5 12. Bxd5 Na5 13. Qd2 Be6 14. Bxe6 fxe6 15. Qh6 Qf6 16. Nd4 Qg7 17. Qxg7+ Kxg7 18. Nxe6+ Kg8 19. Nxf8 Rxf8 20. Rfe1 Kf7 21. Re4 d5 22. Rf4+ Kg8 23. Rxf8+ Kxf8 24. Re1 Kf7 25. Rb1 Ke6 26. Rb5 Nc4 27. Rxb7 c6 28. Rxh7 a5 29. Rh3 Kd6 30. Rh6 Kc5 31. Rxg6 Kb5 32. h4 Ka4 33. Rxc6 Ka3 34. Rc5 a4 35. Rxd5 Kxa2 36. h5 Kb2 37. h6 a3 38. Rd8 Nb6 39. Rb8 a2 40. Rxb6+ Ka3 41. Ra6+ Kb2 42. Rxa2+ Kxa2 43. h7 Kb1 44. h8=Q Kxc2 45. Qh4 Kd2 46. Qd4+ Ke1 47. c4 Ke2 48. c5 Ke1 49. c6 Ke2 50. c7 Ke1 51. c8=Q Ke2 52. Qe8# 1-0

[Event "CYCC U08 w"]
[Site "Victoria CAN"]
[Date "2009.07.21"]
[Round "2"]
[White "Liu, Jiaxin (Dora)"]
[Black "Botez, Andrea"]
[Result "1-0"]
[WhiteElo "847"]
[BlackElo "525"]
[PlyCount "35"]
[GameId "2160767910093626"]
[EventDate "2009.07.21"]
[EventType "tourn"]
[EventRounds "5"]
[EventCountry "CAN"]
[SourceTitle "hb 2009.10"]

1. e4 g6 2. Nf3 Bg7 3. Bc4 d6 4. Nc3 Nf6 5. O-O O-O 6. d4 b6 7. e5 dxe5 8. dxe5 Qxd1 9. Rxd1 Nfd7 10. Bd5 c6 11. Be4 Nxe5 12. Nxe5 Bxe5 13. Bh6 Re8 14. Nb5 Bxb2 15. Nc7 Bxa1 16. Nxe8 Be5 17. Rd8 f6 18. Nd6# 1-0

[Event "CYCC U08 w"]
[Site "Victoria CAN"]
[Date "2009.07.21"]
[Round "2"]
[White "MacInnis, Maggie Rose"]
[Black "Milicevic, Ljudmila"]
[Result "0-1"]
[WhiteElo "876"]
[BlackElo "708"]
[PlyCount "36"]
[GameId "2160767910093627"]
[EventDate "2009.07.21"]
[EventType "tourn"]
[EventRounds "5"]
[EventCountry "CAN"]
[SourceTitle "hb 2009.10"]

1. e4 e5 2. Nc3 Nf6 3. Bc4 Bc5 4. d3 Nc6 5. f4 O-O 6. Nf3 d6 7. f5 Ng4 8. h3 Nf2 9. Qd2 Nxh1 10. Ng5 Nd4 11. Bxf7+ Rxf7 12. Nxf7 Qh4+ 13. Kf1 Ng3+ 14. Ke1 Nxe4+ 15. g3 Qxg3+ 16. Kd1 Nxd2 17. Kxd2 Nf3+ 18. Kd1 Qe1# 0-1

[Event "CYCC U08 w"]
[Site "Victoria CAN"]
[Date "2009.07.21"]
[Round "2"]
[White "Wang, Constance"]
[Black "Feldman, Michelle"]
[Result "1-0"]
[WhiteElo "1123"]
[BlackElo "943"]
[PlyCount "143"]
[GameId "2160767910093628"]
[EventDate "2009.07.21"]
[EventType "tourn"]
[EventRounds "5"]
[EventCountry "CAN"]
[SourceTitle "hb 2009.10"]

1. e4 e5 2. Nf3 Nc6 3. Bc4 Nd4 4. Nc3 Nxf3+ 5. Qxf3 Nf6 6. d3 Bc5 7. Bg5 d6 8. Qe2 Bg4 9. Bxf6 Bxe2 10. Bxd8 Rxd8 11. Nxe2 O-O 12. O-O c6 13. Nc3 b5 14. Bb3 a5 15. a3 a4 16. Ba2 h6 17. Ne2 Rfe8 18. b4 Bd4 19. Nxd4 exd4 20. Rac1 Re5 21. Rfe1 Rh5 22. c3 dxc3 23. Rxc3 Re8 24. Rxc6 Ree5 25. Re3 Reg5 26. Rg3 Rxg3 27. fxg3 Re5 28. Rc7 Kh7 29. Bxf7 Rg5 30. Rd7 h5 31. Rxd6 Rg4 32. Bxh5 Rg5 33. Bf3 Re5 34. Rc6 Re7 35. Rc1 Rd7 36. Rd1 Rc7 37. d4 Rc3 38. d5 Rxa3 39. d6 Rb3 40. d7 a3 41. d8=Q a2 42. Qh4+ Kg8 43. Qd8+ Kh7 44. Qa5 Rb1 45. Qxa2 Rxb4 46. Bh5 Rxe4 47. Rd8 Re1+ 48. Kf2 Re5 49. Qg8+ Kh6 50. Qh8+ Kg5 51. Qxg7+ Kf5 52. Qg4+ Kf6 53. Qg6+ Ke7 54. Rh8 Re6 55. Qe8+ Kd6 56. Qxb5 Rf6+ 57. Bf3 Re6 58. Qb6+ Ke5 59. Qc5+ Kf6 60. Rh6+ Kf7 61. Rxe6 Kxe6 62. Ke3 Kf6 63. Qd5 Kg6 64. Qe5 Kh6 65. Qf5 Kg7 66. Qe6 Kh7 67. Qf6 Kg8 68. Qe7 Kh8 69. Kf4 Kg8 70. Kg5 Kh8 71. Kg6 Kg8 72. Qg7# 1-0

[Event "CYCC U08 w"]
[Site "Victoria CAN"]
[Date "2009.07.22"]
[Round "3"]
[White "MacInnis, Maggie Rose"]
[Black "Liu, Jiaxin (Dora)"]
[Result "1-0"]
[WhiteElo "876"]
[BlackElo "847"]
[PlyCount "99"]
[GameId "2160767910093629"]
[EventDate "2009.07.21"]
[EventType "tourn"]
[EventRounds "5"]
[EventCountry "CAN"]

1. e4 e5 2. Nc3 Nf6 3. Bc4 Nxe4 4. Nxe4 d5 5. Bxd5 Qxd5 6. d3 Bc5 7. Nf3 Bg4 8. h3 Bf5 9. O-O Bxe4 10. dxe4 Qxd1 11. Rxd1 O-O 12. Nxe5 Nc6 13. Nd7 Rfd8 14. Be3 Bxe3 15. fxe3 b6 16. a3 Re8 17. b4 Rxe4 18. Re1 Rd8 19. Rad1 h6 20. b5 Ne5 21. Nf6+ gxf6 22. Rxd8+ Kg7 23. Ra8 a5 24. bxa6 Ra4 25. Ra1 Nc4 26. a7 Nxe3 27. c3 b5 28. Re1 Nc2 29. Re7 c5 30. Rb8 Nxa3 31. a8=Q Rxa8 32. Rxa8 b4 33. cxb4 cxb4 34. Raa7 Nc2 35. Rxf7+ Kg6 36. Rg7+ Kf5 37. Ra5+ Ke6 38. Rb7 Kd6 39. Rb6+ Kc7 40. Raa6 Kc8 41. Rc6+ Kb7 42. Rab6+ Ka7 43. Kf2 f5 44. Kf3 Ne1+ 45. Kf4 Nxg2+ 46. Ke5 f4 47. Kd6 Ne3 48. Ra6+ Kb7 49. Rcb6+ Kc8 50. Ra8# 1-0

[Event "CYCC U08 w"]
[Site "Victoria CAN"]
[Date "2009.07.22"]
[Round "3"]
[White "Milicevic, Ljudmila"]
[Black "Wang, Constance"]
[Result "0-1"]
[WhiteElo "708"]
[BlackElo "1123"]
[PlyCount "80"]
[GameId "2160767910093630"]
[EventDate "2009.07.21"]
[EventType "tourn"]
[EventRounds "5"]
[EventCountry "CAN"]
[SourceTitle "hb 2009.10"]

1. e4 e5 2. Nf3 Nc6 3. Bc4 Bc5 4. O-O Nf6 5. d4 Bxd4 6. Nxd4 Nxd4 7. Bg5 d6 8. Nd2 Bd7 9. Qe1 Nxc2 10. Qe2 Nxa1 11. Rxa1 O-O 12. Nf3 Bg4 13. h3 Bh5 14. Rd1 Qe7 15. b3 Rac8 16. g4 Bg6 17. Nh4 Rfe8 18. Re1 h6 19. Be3 Bxe4 20. f3 Bc6 21. Ng6 Qd7 22. g5 Nh5 23. f4 Qxh3 24. gxh6 Qg3+ 25. Kf1 Qxg6 26. Bd3 Ng3+ 27. Kf2 Nxe2 28. Kxe2 Qxh6 29. fxe5 Rxe5 30. Kd2 Qh2+ 31. Kd1 Rce8 32. Bd2 Rxe1+ 33. Bxe1 Bf3+ 34. Be2 Qxe2+ 35. Kc1 Qxe1+ 36. Kb2 Re5 37. Ka3 Ra5+ 38. Kb2 Qd2+ 39. Kb1 Be4+ 40. Ka1 Qxa2# 0-1

[Event "CYCC U08 w"]
[Site "Victoria CAN"]
[Date "2009.07.22"]
[Round "4"]
[White "Feldman, Michelle"]
[Black "Milicevic, Ljudmila"]
[Result "1-0"]
[WhiteElo "943"]
[BlackElo "708"]
[PlyCount "69"]
[GameId "2160767910093631"]
[EventDate "2009.07.21"]
[EventType "tourn"]
[EventRounds "5"]
[EventCountry "CAN"]
[SourceTitle "hb 2009.10"]

1. e4 e5 2. Nf3 Nc6 3. Nc3 Bc5 4. Bc4 Nf6 5. O-O O-O 6. d3 d6 7. Bg5 h6 8. Bxf6 Qxf6 9. Nd5 Qg6 10. Nh4 Qg5 11. Nf3 Qg6 12. c3 Bh3 13. Nh4 Qg5 14. Qf3 Rfe8 15. Qxh3 a6 16. Nxc7 Rf8 17. Be6 fxe6 18. Nxe6 Qf6 19. Nxf8 Rxf8 20. d4 exd4 21. Nf3 dxc3 22. bxc3 Qxc3 23. Qe6+ Kh8 24. Rac1 Qa3 25. Nh4 Nd4 26. Ng6+ Kh7 27. Nxf8+ Kh8 28. Ng6+ Kh7 29. Qe8 Ne2+ 30. Kh1 Nxc1 31. f4 Nd3 32. h3 Qxa2 33. f5 Nf2+ 34. Kh2 d5 35. Qh8# 1-0

[Event "CYCC U08 w"]
[Site "Victoria CAN"]
[Date "2009.07.22"]
[Round "4"]
[White "Liu, Jiaxin (Dora)"]
[Black "Wang, Constance"]
[Result "1-0"]
[WhiteElo "847"]
[BlackElo "1123"]
[PlyCount "83"]
[GameId "2160767910093632"]
[EventDate "2009.07.21"]
[EventType "tourn"]
[EventRounds "5"]
[EventCountry "CAN"]
[SourceTitle "hb 2009.10"]

1. e4 e5 2. Nf3 Nc6 3. Bc4 Bc5 4. c3 d6 5. d4 Bb6 6. O-O Bg4 7. Be2 Bxf3 8. Bxf3 Nf6 9. Be3 Ne7 10. Nd2 Qd7 11. Nc4 O-O-O 12. Nxb6+ cxb6 13. dxe5 dxe5 14. Qb3 Qe6 15. Qa3 Kb8 16. Rad1 Rxd1 17. Rxd1 Rc8 18. Rd6 Qc4 19. Bg5 Qc5 20. Qxc5 bxc5 21. b4 cxb4 22. cxb4 Rc2 23. a3 Kc7 24. Rd1 Ra2 25. Rc1+ Kb8 26. Rd1 Rxa3 27. h3 Nc6 28. Bd2 Rd3 29. Be2 Rd4 30. f3 h6 31. b5 Ne7 32. Kf1 Nc8 33. Ke1 Rd6 34. Rc1 Nb6 35. f4 exf4 36. Bxf4 Nxe4 37. Bxd6+ Nxd6 38. Rd1 Ndc8 39. Bg4 Na4 40. Rd8 Nab6 41. h4 Nc4 42. Rxc8# 1-0

[Event "CYCC U08 w"]
[Site "Victoria CAN"]
[Date "2009.07.23"]
[Round "5"]
[White "Liu, Jiaxin (Dora)"]
[Black "Feldman, Michelle"]
[Result "1-0"]
[WhiteElo "847"]
[BlackElo "943"]
[PlyCount "58"]
[GameId "2160767910093633"]
[EventDate "2009.07.21"]
[EventType "tourn"]
[EventRounds "5"]
[EventCountry "CAN"]
[SourceTitle "hb 2009.10"]

1. e4 e5 2. Nf3 Nf6 3. Nxe5 Qe7 4. d4 d6 5. Nf3 Qxe4+ 6. Be2 Bg4 7. Nc3 Qg6 8. Bd3 Bf5 9. Bxf5 Qxf5 10. Qe2+ Be7 11. Bg5 Nc6 12. h4 O-O-O 13. O-O-O h6 14. Bd2 Qa5 15. Kb1 d5 16. a3 Qb6 17. b4 Rhe8 18. Be3 Bd6 19. Qd3 Ne4 20. Nxd5 Qa6 21. b5 Qa4 22. bxc6 Qxc6 23. Nb4 Qd7 24. Rhe1 g6 25. d5 Qf5 26. Bxa7 b6 27. Qa6+ Kd7 28. Qb5+ Ke7 29. Nc6+ Kf8 1-0

[Event "CYCC U08 w"]
[Site "Victoria CAN"]
[Date "2009.07.23"]
[Round "5"]
[White "Milicevic, Ljudmila"]
[Black "Botez, Andrea"]
[Result "1-0"]
[Annotator ",user"]
[WhiteElo "708"]
[BlackElo "525"]
[PlyCount "22"]
[GameId "2160767740764570"]
[EventDate "2009.07.21"]
[EventType "tourn"]
[EventRounds "5"]
[EventCountry "CAN"]
[SourceTitle "hb 2009.10"]

1. e4 g6 2. Nf3 Bg7 3. Bc4 d6 4. d3 Nf6 5. Nc3 O-O 6. O-O Nbd7 7. Nd5 b6 8. Bg5 Nc5 9. c3 a6 10. a4 Re8 11. Qe2 Kh8 {etc.} 1-0

[Event "CYCC U08 w"]
[Site "Victoria CAN"]
[Date "2009.07.23"]
[Round "5"]
[White "Wang, Constance"]
[Black "MacInnis, Maggie Rose"]
[Result "0-1"]
[WhiteElo "1123"]
[BlackElo "876"]
[PlyCount "70"]
[GameId "2160767910093634"]
[EventDate "2009.07.21"]
[EventType "tourn"]
[EventRounds "5"]
[EventCountry "CAN"]
[SourceTitle "EXT 2011"]
[Source "ChessBase"]
[SourceDate "2011.11.26"]
[SourceVersion "1"]
[SourceVersionDate "2011.11.26"]
[SourceQuality "1"]

1. e4 d5 2. exd5 Qxd5 3. Nc3 Qa5 4. d4 Nf6 5. Nf3 Ne4 6. Bd2 Nxd2 7. Qxd2 Bf5 8. Bd3 e6 9. Bxf5 Qxf5 10. O-O Bb4 11. d5 Bxc3 12. bxc3 O-O 13. Rab1 b6 14. c4 Na6 15. dxe6 fxe6 16. Rb2 Qg6 17. Re1 Rxf3 18. Qd7 Raf8 19. Qxe6+ Qxe6 20. Rxe6 Rxf2 21. Re1 Nc5 22. Rc1 Ne4 23. Rb3 Nd2 24. Rbb1 Nxb1 25. Rxb1 R8f6 26. Rc1 Kf7 27. Rd1 Ke6 28. Re1+ Kd6 29. Ra1 Ke5 30. Re1+ Kd4 31. Rd1+ Ke3 32. h3 Rg6 33. Rf1 Rgxg2+ 34. Kh1 Rh2+ 35. Kg1 Rfg2# 0-1

[Event "CYCC U10"]
[Site "Victoria CAN"]
[Date "2009.07.21"]
[Round "1"]
[White "Awatramani, Janak"]
[Black "Cao, Jason"]
[Result "1-0"]
[WhiteElo "1761"]
[BlackElo "1032"]
[PlyCount "67"]
[GameId "2160767910093635"]
[EventDate "2009.07.21"]
[EventType "swiss"]
[EventRounds "7"]
[EventCountry "CAN"]
[SourceTitle "hb 2009.10"]

1. g3 e5 2. Bg2 Nf6 3. d3 d6 4. Nc3 Be7 5. Bd2 O-O 6. e4 Nc6 7. h3 h6 8. Nge2 Be6 9. Nd5 Qd7 10. Nxe7+ Nxe7 11. f4 exf4 12. gxf4 Qb5 13. Bc3 Nh7 14. Qd2 d5 15. O-O-O dxe4 16. dxe4 Bxa2 17. Nd4 Qb6 18. Ba5 Qd6 19. e5 Qd7 20. b3 Rab8 21. Kb2 b6 22. Bc3 Bxb3 23. cxb3 Rfd8 24. Nc6 Qxd2+ 25. Rxd2 Nxc6 26. Bxc6 Rxd2+ 27. Bxd2 Rd8 28. Bc3 Nf8 29. f5 g6 30. Rg1 Kh7 31. fxg6+ fxg6 32. Rf1 Kg8 33. Rf6 Rd3 34. e6 1-0

[Event "CYCC U10"]
[Site "Victoria CAN"]
[Date "2009.07.21"]
[Round "1"]
[White "Han, Lionel"]
[Black "Doknjas, John"]
[Result "0-1"]
[WhiteElo "1124"]
[BlackElo "1796"]
[PlyCount "56"]
[GameId "2160767910093637"]
[EventDate "2009.07.21"]
[EventType "swiss"]
[EventRounds "7"]
[EventCountry "CAN"]
[SourceTitle "hb 2009.10"]

1. e4 e6 2. d4 d5 3. Nd2 c5 4. c3 Nc6 5. Ngf3 Qb6 6. Nb3 dxe4 7. Nfd2 cxd4 8. Nc4 Qd8 9. cxd4 Bb4+ 10. Bd2 Bxd2+ 11. Qxd2 Nf6 12. Be2 O-O 13. O-O a5 14. Rfd1 Nd5 15. Nc5 f5 16. f3 b6 17. fxe4 bxc5 18. exd5 exd5 19. Na3 Nxd4 20. Bf1 f4 21. Nc2 Nxc2 22. Qxc2 Qd6 23. Rxd5 Qh6 24. Qxc5 Qf6 25. Bc4 Kh8 26. Rf1 Bb7 27. Rd6 Qxb2 28. Rb6 Qxg2# 0-1

[Event "CYCC U10"]
[Site "Victoria CAN"]
[Date "2009.07.21"]
[Round "1"]
[White "Kong, Dezheng"]
[Black "Hoffner, Noah"]
[Result "1-0"]
[WhiteElo "1957"]
[BlackElo "1156"]
[PlyCount "29"]
[GameId "2160767910093638"]
[EventDate "2009.07.21"]
[EventType "swiss"]
[EventRounds "7"]
[EventCountry "CAN"]
[SourceTitle "hb 2009.10"]

1. e4 e5 2. Nf3 Nc6 3. Bc4 Bc5 4. c3 b6 5. O-O h6 6. d4 exd4 7. cxd4 Be7 8. Nc3 Nf6 9. e5 Nh7 10. Be3 Ng5 11. Nxg5 Bxg5 12. f4 Be7 13. f5 Bb4 14. Qh5 O-O 15. f6 1-0

[Event "CYCC U10"]
[Site "Victoria CAN"]
[Date "2009.07.21"]
[Round "1"]
[White "Lamothe, Zachari"]
[Black "Song, Michael"]
[Result "0-1"]
[WhiteElo "840"]
[BlackElo "1614"]
[PlyCount "64"]
[GameId "2160767910093639"]
[EventDate "2009.07.21"]
[EventType "swiss"]
[EventRounds "7"]
[EventCountry "CAN"]
[SourceTitle "EXT 2011"]
[Source "ChessBase"]
[SourceDate "2011.11.26"]
[SourceVersion "1"]
[SourceVersionDate "2011.11.26"]
[SourceQuality "1"]

1. Nf3 d5 2. Nc3 Nf6 3. d4 Bf5 4. e4 Nxe4 5. Nxe4 Bxe4 6. Ng5 Bg6 7. Bb5+ c6 8. Ba4 Qa5+ 9. b4 Qxb4+ 10. c3 Qxc3+ 11. Bd2 Qxd4 12. Nf3 Qe4+ 13. Kf1 Nd7 14. Bc2 Qxc2 15. Qxc2 Bxc2 16. Rc1 Bd3+ 17. Ke1 e5 18. Rc3 e4 19. Ng1 Bb4 20. Rc1 Bxd2+ 21. Kxd2 Ne5 22. f3 O-O 23. fxe4 Bxe4 24. Re1 Nc4+ 25. Kc3 Bxg2 26. Nf3 Bxh1 27. Rxh1 Rfe8 28. Rg1 Re3+ 29. Kd4 Rxf3 30. Rh1 b6 31. h4 Re8 32. h5 Re4# 0-1

[Event "CYCC U10"]
[Site "Victoria CAN"]
[Date "2009.07.21"]
[Round "1"]
[White "Lee, Jonah"]
[Black "Napieralski, Owen"]
[Result "1-0"]
[WhiteElo "1484"]
[BlackElo "802"]
[PlyCount "87"]
[GameId "2160767910093640"]
[EventDate "2009.07.21"]
[EventType "swiss"]
[EventRounds "7"]
[EventCountry "CAN"]
[SourceTitle "hb 2009.10"]

1. c4 e5 2. g3 f5 3. Bg2 Nf6 4. Nc3 Bb4 5. e3 O-O 6. Nge2 Bxc3 7. Nxc3 d6 8. O-O e4 9. d3 exd3 10. Qxd3 c5 11. Rd1 Ne8 12. Nb5 Rf6 13. b3 a6 14. Nc3 g6 15. Bb2 g5 16. Bd5+ Be6 17. Bxb7 Ra7 18. Bg2 Nc7 19. Qxd6 Qxd6 20. Rxd6 Kf7 21. Nd5 Ne8 22. Nxf6 Nxd6 23. Nxh7 g4 24. Ng5+ Ke7 25. Nxe6 Kxe6 26. Bd5+ Kd7 27. Rd1 Rc7 28. Be5 Rc8 29. Bg2 Re8 30. Bxd6 Nc6 31. Bxc5+ Kc7 32. Bxc6 Kxc6 33. Bd4 Rd8 34. Rd2 Re8 35. Bc3 f4 36. gxf4 g3 37. hxg3 Rg8 38. Re2 Kc5 39. e4 Kc6 40. e5 Kd7 41. e6+ Ke8 42. e7 Rg6 43. f5 Rh6 44. f6 1-0

[Event "CYCC U10"]
[Site "Victoria CAN"]
[Date "2009.07.21"]
[Round "1"]
[White "Qian, Andy"]
[Black "Graif, William"]
[Result "0-1"]
[WhiteElo "972"]
[BlackElo "1635"]
[PlyCount "156"]
[GameId "2160767910093641"]
[EventDate "2009.07.21"]
[EventType "swiss"]
[EventRounds "7"]
[EventCountry "CAN"]
[SourceTitle "hb 2009.10"]

1. e4 c5 2. Nf3 d6 3. d3 g6 4. Nc3 Bg7 5. Be3 Nc6 6. d4 cxd4 7. Nxd4 Nf6 8. Bb5 Bd7 9. f3 O-O 10. O-O Ne5 11. Bxd7 Qxd7 12. Bf4 Nh5 13. Bxe5 Bxe5 14. Nce2 Qc7 15. f4 Bg7 16. Kh1 Qb6 17. Rb1 Nxf4 18. Nxf4 Qxd4 19. Qxd4 Bxd4 20. Nd5 e6 21. Nf6+ Bxf6 22. Rxf6 Kg7 23. Rf2 Rac8 24. Rd2 Rc4 25. Rxd6 Rxc2 26. Rd7 Rfc8 27. h3 R8c7 28. Rxc7 Rxc7 29. e5 Rc5 30. Re1 Rc2 31. Rb1 Re2 32. a4 Rxe5 33. b4 Re4 34. a5 e5 35. b5 Ra4 36. a6 bxa6 37. bxa6 Rxa6 38. Rb5 Re6 39. Ra5 a6 40. Kg1 f5 41. g3 g5 42. Ra4 f4 43. gxf4 gxf4 44. Kf2 Kf6 45. Kf3 Kg5 46. Ke4 Kh4 47. Kf5 Re8 48. Rxa6 Kxh3 49. Ra3+ Kg2 50. Ra2+ Kf3 51. Ra3+ Ke2 52. Ke4 h5 53. Ra2+ Kd1 54. Ra1+ Kc2 55. Rh1 Rf8 56. Rh2+ Kd1 57. Kf3 Rg8 58. Rh1+ Kd2 59. Ke4 Rg5 60. Rh2+ Ke1 61. Rh1+ Kf2 62. Ra1 f3 63. Ra2+ Kg3 64. Ke3 Rg4 65. Rf2 Re4+ 66. Kxe4 Kxf2 67. Kxe5 h4 68. Kd4 Ke2 69. Ke4 f2 70. Ke5 h3 71. Kd5 h2 72. Ke4 f1=Q 73. Ke5 h1=Q 74. Kd4 Qf5 75. Kc4 Qd3+ 76. Kc5 Qhd5+ 77. Kb6 Q3b5+ 78. Kc7 Qbb7# 0-1

[Event "CYCC U10"]
[Site "Victoria CAN"]
[Date "2009.07.21"]
[Round "1"]
[White "Shi, Diwen"]
[Black "Carradice, Lemuel"]
[Result "1-0"]
[WhiteElo "1628"]
[BlackElo "961"]
[PlyCount "81"]
[GameId "2160767910093642"]
[EventDate "2009.07.21"]
[EventType "swiss"]
[EventRounds "7"]
[EventCountry "CAN"]
[SourceTitle "hb 2009.10"]

1. c4 e6 2. Nc3 Nf6 3. Nf3 Bb4 4. d3 Ng4 5. Bf4 O-O 6. g3 Re8 7. Bh3 Nf6 8. O-O Nh5 9. Bd2 e5 10. Bg2 e4 11. Nxe4 c5 12. Bxb4 cxb4 13. Qd2 Qe7 14. Rfe1 a5 15. a3 b6 16. axb4 Bb7 17. Nc3 axb4 18. Rxa8 Bxa8 19. Nb5 Bc6 20. Nbd4 Na6 21. Nxc6 dxc6 22. Nd4 c5 23. Nb5 Qd7 24. Ra1 Nc7 25. Ra7 Nf6 26. Rxc7 Qd8 27. Bh3 Re7 28. Rc8 Rxe2 29. Qxe2 Qxc8 30. Bxc8 h6 31. Bf5 g6 32. Qe7 gxf5 33. Qxf6 Kh7 34. Kg2 f4 35. g4 f3+ 36. Kxf3 h5 37. g5 h4 38. Qxf7+ Kh8 39. Kg4 b3 40. g6 h3 41. Qf8# 1-0